Archiv fur mathematische logik und Grundlagenforschung

Saved in:
Bibliographic Details
Format: Serial
Language:German
English
Published: Stuttgart : W.Kohlhammer, 1950-1987
Subjects:
Tags: Add Tag
No Tags, Be the first to tag this record!

MARC

LEADER 00000nas a2200000 i 4500
001 1/25928
008 020731c19501987 ger d
022 |a 00039268 
035 |l 10068154 
040 |a GR-MY-UA  |b gre  |e aacr 
041 0 |a ger  |a eng 
082 0 |a 510.5 
245 1 0 |a Archiv fur mathematische logik und Grundlagenforschung  |h [περιοδικό] 
260 |a Stuttgart :   |b W.Kohlhammer,   |c 1950-1987 
300 |a 26 v.;  |b ill.;  |c 23 cm. 
310 |a Quarterly, 1957-1986 ; Irregular, 1950-1956 
650 0 0 |a Logic, Symbolic and mathematical  |x Periodicals. 
922 |a 3ΕΛΗ  |b 200207  |c ΤΜΗΜΑ ΜΑΘΗΜΑΤΙΚΩΝ  |d SWETS